[Event "Cambridge Int Open 2023"]
[Site "Cambridge ENG"]
[Date "2023.02.18"]
[Round "7.7"]
[White "Itgelt, Khuyagtsogt"]
[Black "Turner, Matthew J"]
[Result "1-0"]
[BlackTitle "GM"]
[WhiteElo "2158"]
[BlackElo "2455"]
[WhiteFideId "4902912"]
[BlackFideId "402893"]
[EventDate "2023.02.15"]

1. d4 d5 2. c4 c6 3. Nf3 Nf6 4. g3 Bf5 5. Nc3 e6 6. Nh4 Be4 7. f3 Bg6 8. Qb3 Qc8
9. Bg5 Nbd7 10. cxd5 Nxd5 11. e4 Nxc3 12. bxc3 Bd6 13. Bh3 Qc7 14. Kf2 Nf8 15.
Rhb1 Rb8 16. Re1 b6 17. Nf5 f6 18. Nxd6+ Qxd6 19. e5 Qd5 20. exf6 Qxg5 21. Rxe6+
Nxe6 22. Qxe6+ Kd8 23. Qe7# 1-0

[Event "Cambridge Int Open 2023"]
[Site "Cambridge ENG"]
[Date "2023.02.18"]
[Round "7.8"]
[White "Ismail, Mohammed Aayan"]
[Black "Payne, Matthew J"]
[Result "1/2-1/2"]
[WhiteElo "2211"]
[BlackElo "2104"]
[WhiteFideId "465135"]
[BlackFideId "417084"]
[EventDate "2023.02.15"]

1. d4 Nf6 2. Nf3 g6 3. b3 Bg7 4. Bb2 O-O 5. e3 d6 6. Be2 c5 7. O-O Nbd7 8. c4
Qc7 9. Nc3 a6 10. Rc1 b6 11. Qd2 Bb7 12. d5 e6 13. dxe6 fxe6 14. Ng5 Rae8 15.
Bf3 h6 16. Bxb7 Qxb7 17. Nf3 Ng4 18. h3 Rxf3 19. hxg4 Ne5 20. Ne2 Rf7 21. Qc2
Nxg4 22. Qxg6 Kf8 23. Qxg4 Bxb2 24. Rc2 Be5 25. Qh3 Qe4 26. Rd2 Ke7 27. f4 Bf6
28. Rfd1 Rd8 29. Kf2 Qg6 30. Ng3 Rg7 31. Nh5 Rf7 32. Qf3 e5 33. g4 Bh4+ 34. Kg2
Rg8 35. Kh3 e4 36. Qe2 Rf5 37. Rxd6 Bf6 38. gxf5 Qxf5+ 39. Kh2 Rg4 40. Ng3 Rh4+
41. Kg1 Rg4 42. Kg2 Bh4 43. Rd7+ Ke8 44. Rd8+ Bxd8 45. Rh1 Qg6 46. Rh3 Bh4 47.
Qf2 h5 48. Kh2 Kf7 49. Qe1 Bxg3+ 50. Rxg3 h4 51. Rxg4 Qxg4 52. Qf2 Kf6 53. Qb2+
Kf7 54. Qf2 Kf6 55. Qg2 Qf5 56. Qb2+ Kf7 57. Qe5 Qg4 58. Qd5+ Kf8 59. Qd6+ Kf7
60. Qc7+ Kf8 61. Qd8+ Kf7 62. Qd5+ Kf8 63. Qd2 Qg3+ 64. Kh1 Qf3+ 65. Kg1 Qg3+
66. Kf1 h3 67. Qf2 Qg4 68. Qg1 Qf3+ 69. Ke1 h2 70. Qxh2 Qxe3+ 71. Kf1 Qc1+ 72.
Kf2 Qd2+ 73. Kg3 e3 74. Qh6+ Kf7 75. f5 Qf2+ 76. Kg4 Qg2+ 77. Kf4 Qf2+ 78. Ke5
Qb2+ 79. Ke4 Qc2+ 80. Ke5 Qb2+ 81. Kf4 Qf2+ 1/2-1/2

[Event "Cambridge Int Open 2023"]
[Site "Cambridge ENG"]
[Date "2023.02.18"]
[Round "7.9"]
[White "Mihalik, Agoston"]
[Black "Czopor, Maciej"]
[Result "0-1"]
[BlackTitle "FM"]
[WhiteElo "2142"]
[BlackElo "2412"]
[WhiteFideId "719021"]
[BlackFideId "21805431"]
[EventDate "2023.02.15"]

1. e4 c5 2. Nf3 e6 3. g3 Nc6 4. Bg2 Nf6 5. Qe2 e5 6. O-O Be7 7. d3 h6 8. Na3 O-O
9. Nc4 d6 10. c3 Re8 11. Ne3 Bf8 12. Nf5 d5 13. Nd2 Be6 14. c4 d4 15. Nh4 a6 16.
b3 Rb8 17. h3 Nd7 18. Ndf3 b5 19. Nf5 Kh7 20. g4 f6 21. Ng3 bxc4 22. bxc4 Nb6
23. Bd2 Na4 24. Qd1 Nc3 25. Qc1 Qa5 26. Kh2 Red8 27. Ne1 Qb4 28. f3 Qb2 29. Qxb2
Rxb2 30. Bxc3 dxc3 31. a3 Rdb8 32. Kg1 Nd4 33. Rc1 c2 34. Kf2 Rb1 35. Nxc2 R1b2 0-1

[Event "Cambridge Int Open 2023"]
[Site "Cambridge ENG"]
[Date "2023.02.18"]
[Round "7.10"]
[White "Gormally, Daniel W"]
[Black "Senior, Gary"]
[Result "1-0"]
[WhiteTitle "GM"]
[WhiteElo "2448"]
[BlackElo "2086"]
[WhiteFideId "406465"]
[BlackFideId "470937"]
[EventDate "2023.02.15"]

1. d4 f5 2. Bg5 Nf6 3. e3 e6 4. Nd2 Be7 5. c3 O-O 6. Nh3 a5 7. Nf4 b6 8. Be2 Bb7
9. Bxf6 Bxf6 10. Bf3 Qc8 11. h4 g6 12. Rh3 Nc6 13. Qa4 e5 14. Bd5+ Kh8 15. dxe5
Nxe5 16. Bxb7 Qxb7 17. Qc2 a4 18. O-O-O a3 19. b3 Ng4 20. Nb1 Qc6 21. h5 g5 22.
Nd5 Ra5 23. Qxf5 Nxf2 24. Qxf2 Rxd5 25. Rxd5 Qxd5 26. Rf3 Kg7 27. h6+ Kg6 28.
Qc2+ Kh5 29. Rh3+ Kg4 30. Qe2+ Kf5 31. e4+ 1-0

[Event "Cambridge Int Open 2023"]
[Site "Cambridge ENG"]
[Date "2023.02.18"]
[Round "7.11"]
[White "Southcott-Moyers, Indy"]
[Black "Dong, Bao Nghia"]
[Result "0-1"]
[BlackTitle "FM"]
[WhiteElo "2077"]
[BlackElo "2361"]
[WhiteFideId "488542"]
[BlackFideId "12400343"]
[EventDate "2023.02.15"]

1. d4 Nf6 2. c4 g6 3. Nc3 Bg7 4. e4 d6 5. Nf3 O-O 6. Be2 Nbd7 7. O-O e5 8. Be3
Ng4 9. Bg5 f6 10. Bc1 f5 11. exf5 gxf5 12. Bg5 Ngf6 13. dxe5 dxe5 14. Nd5 c6 15.
Ne3 h6 16. Bh4 f4 17. Nf5 e4 18. N3d4 Ne5 19. Nxg7 Kxg7 20. Nb3 Qxd1 21. Rfxd1
b6 22. Nd4 Bd7 23. f3 c5 24. Nb5 Bxb5 25. cxb5 e3 26. Be1 Kf7 27. Rd6 Rad8 28.
Rad1 Rxd6 29. Rxd6 Ke7 30. Rd1 Ke6 31. g3 Nd5 32. Kg2 h5 33. a3 h4 34. g4 c4 35.
Bxh4 c3 36. Be1 cxb2 37. Rb1 Rc8 38. Rxb2 Rc1 39. Bb4 Ng6 40. Kh3 Kf6 41. Bd3
Ne5 42. Be4 Nxb4 43. axb4 Nc4 44. Re2 Nd2 45. Bc6 Nb1 46. Kh4 Nc3 47. g5+ Kg7
48. Ra2 Nxa2 0-1

[Event "Cambridge Int Open 2023"]
[Site "Cambridge ENG"]
[Date "2023.02.18"]
[Round "7.12"]
[White "Bazakutsa, Svyatoslav"]
[Black "Crocker, Philip J"]
[Result "1-0"]
[WhiteTitle "FM"]
[WhiteElo "2330"]
[BlackElo "2128"]
[WhiteFideId "14198525"]
[BlackFideId "403180"]
[EventDate "2023.02.15"]

1. d4 Nf6 2. c4 c5 3. Nf3 cxd4 4. Nxd4 e5 5. Nb5 d5 6. cxd5 Bc5 7. N5c3 O-O 8.
g3 Qb6 9. e3 Bg4 10. Be2 Bxe2 11. Qxe2 e4 12. a3 Nbd7 13. Nd2 Rfe8 14. b4 Bf8
15. Bb2 Rac8 16. O-O Qd8 17. Rfd1 Nb6 18. Rac1 Qd7 19. Nb3 Nc4 20. Kg2 Ne5 21.
h3 h5 22. d6 Bxd6 23. Nc5 Qc6 24. Nb5 Nd3 25. Nxa7 Nxc1 26. Rxc1 Qd5 27. Nxc8
Rxc8 28. Bxf6 gxf6 29. Nd7 Qe6 30. Rxc8+ Kg7 31. Qxh5 1-0

[Event "Cambridge Int Open 2023"]
[Site "Cambridge ENG"]
[Date "2023.02.18"]
[Round "7.13"]
[White "Wall, Tim P"]
[Black "Fava, Lorenzo"]
[Result "0-1"]
[WhiteTitle "FM"]
[WhiteElo "2239"]
[BlackElo "2089"]
[WhiteFideId "401641"]
[BlackFideId "2837434"]
[EventDate "2023.02.15"]

1. Nc3 g6 2. h4 Nf6 3. e4 d6 4. d4 Nc6 5. Be2 e5 6. dxe5 Nxe5 7. Bg5 h6 8. Bf4
Be6 9. Qd2 c6 10. Nf3 Qa5 11. Rb1 Rd8 12. O-O Bg7 13. Nd4 Nc4 14. Qe1 Ne5 15.
Nxe6 fxe6 16. Qc1 Neg4 17. Bc4 g5 18. b4 Qc7 19. Bg3 Nh5 20. Ne2 gxh4 21. Bxe6
Nxg3 22. Bxg4 Nxf1 23. Bh5+ Kd7 24. Bg4+ Ke8 25. Qxf1 Be5 26. Rb3 Ke7 27. Rh3
Rdf8 28. Bf5 Kd8 29. Rxh4 Qe7 30. Rh3 Kc7 31. f4 Bg7 32. Rg3 d5 33. Qf2 dxe4 34.
Bxe4 Qxe4 35. Rxg7+ Kb8 36. c3 Rhg8 37. Qg3 Rxg7 38. Qxg7 Re8 0-1

[Event "Cambridge Int Open 2023"]
[Site "Cambridge ENG"]
[Date "2023.02.18"]
[Round "7.14"]
[White "Pert, Nina"]
[Black "Villiers, Thomas"]
[Result "0-1"]
[WhiteTitle "WCM"]
[BlackTitle "CM"]
[WhiteElo "2009"]
[BlackElo "2186"]
[WhiteFideId "456853"]
[BlackFideId "427209"]
[EventDate "2023.02.15"]

1. e4 Nf6 2. e5 Nd5 3. Nc3 Nxc3 4. dxc3 d5 5. Nf3 c5 6. Bb5+ Nc6 7. O-O a6 8.
Be2 Bg4 9. h3 Bxf3 10. Bxf3 e6 11. Qe2 Be7 12. Bf4 O-O 13. Rad1 Qa5 14. a3 Qb5
15. Rb1 Qxe2 16. Bxe2 Rad8 17. Rfd1 f6 18. exf6 Bxf6 19. Bc7 Rc8 20. Bd6 Be7 21.
Bxe7 Nxe7 22. Re1 Rf6 23. Bf3 Nf5 24. Re5 Nd6 25. Rbe1 Kf7 26. Bh5+ g6 27. Be2
Re8 28. c4 Rf5 29. Rxf5+ Nxf5 30. cxd5 exd5 31. Kf1 Nd4 32. Bd1 Rd8 33. h4 Kf6
34. h5 g5 35. Bg4 Nxc2 36. Rc1 Nd4 37. Rxc5 Ne6 38. Rc1 Rd6 39. g3 Rc6 40. Rxc6
bxc6 41. Ke1 Ke5 42. h6 a5 43. Bd1 Nd4 44. Bh5 Kf6 45. Kd2 Nf5 46. b4 axb4 47.
axb4 Ke5 48. Bg6 Nxh6 49. Bxh7 Kd4 50. Bd3 Ng4 51. f4 Nf2 52. Ba6 Ne4+ 53. Kc2
g4 54. Be2 Nf6 55. Kd2 Ke4 56. Bd1 Kd4 57. Be2 Ne4+ 58. Kc2 Nf2 59. Kd2 Ke4 60.
Ba6 Kf3 61. Bb7 Ne4+ 62. Ke1 Kxg3 63. Bxc6 Nf6 64. b5 Kh2 65. b6 g3 66. b7 g2
67. b8=Q g1=Q+ 68. Ke2 Qg2+ 69. Kd1 Qf1+ 70. Kd2 Ne4+ 71. Kc2 Qc4+ 72. Kb2 Qxc6
73. Qe5 Qf6 74. Kc2 Qxe5 75. fxe5 Nc5 76. Kc3 Ne6 77. Kd3 Kg3 78. Ke3 Kg4 0-1

[Event "Cambridge Int Open 2023"]
[Site "Cambridge ENG"]
[Date "2023.02.18"]
[Round "7.15"]
[White "Saunders, Aron"]
[Black "Hobson, Kenneth"]
[Result "1/2-1/2"]
[WhiteElo "2109"]
[BlackElo "2051"]
[WhiteFideId "469343"]
[BlackFideId "480819"]
[EventDate "2023.02.15"]

1. e4 d6 2. d4 Nf6 3. Nc3 Nbd7 4. Be3 e5 5. dxe5 dxe5 6. Bc4 Be7 7. f3 c6 8.
Nge2 b5 9. Bb3 O-O 10. O-O Bc5 11. Bxc5 Nxc5 12. Qe1 a5 13. Qf2 Qe7 14. a3 Nxb3
15. cxb3 Be6 16. Qe3 Rfd8 17. Rac1 Qa7 18. Qxa7 Rxa7 19. b4 axb4 20. axb4 Rad7
21. Rfd1 g6 22. Kf2 Bc4 23. Rxd7 Rxd7 24. Rd1 Kf8 25. Nc1 Ke7 26. b3 Be6 27.
Rxd7+ Nxd7 28. Nb1 Kd6 29. Ke3 c5 30. bxc5+ Nxc5 31. Nc3 b4 32. N3a2 Nxb3 1/2-1/2

[Event "Cambridge Int Open 2023"]
[Site "Cambridge ENG"]
[Date "2023.02.18"]
[Round "7.16"]
[White "Anand, Batsukh"]
[Black "Weersing, Abigail Riis"]
[Result "1-0"]
[WhiteTitle "FM"]
[WhiteElo "2197"]
[BlackElo "1827"]
[WhiteFideId "4903510"]
[BlackFideId "460036"]
[EventDate "2023.02.15"]

1. d4 d5 2. c4 e6 3. Nf3 Nf6 4. g3 Be7 5. Bg2 O-O 6. O-O c6 7. Qc2 Nbd7 8. Nc3
b6 9. b3 Bb7 10. Rd1 Rc8 11. e4 dxe4 12. Nxe4 Nxe4 13. Qxe4 Nf6 14. Qc2 Qc7 15.
Bf4 Bd6 16. Bxd6 Qxd6 17. c5 Qc7 18. Ne5 Rfd8 19. b4 Nd5 20. a3 Ba6 21. Be4 h6
22. Rab1 b5 23. h4 Bb7 24. Rb3 a5 25. Qe2 axb4 26. axb4 Ra8 27. Bb1 Nf6 28. g4
Nd7 29. Nxd7 Qxd7 30. g5 hxg5 31. hxg5 e5 32. Re3 Bc8 33. Rxe5 Qg4+ 34. Qxg4
Bxg4 35. Rde1 Be6 36. Be4 Rxd4 37. Bxc6 Ra4 38. Bxb5 Rg4+ 39. Kh2 Raxb4 40. Be2
Rge4 41. Bf3 Rxe5 42. Rxe5 Rc4 43. c6 Kf8 44. g6 Bc8 45. Ra5 Be6 46. Ra8+ Ke7
47. Ra7+ Kf6 48. gxf7 Bxf7 49. Rxf7+ Kg6 50. Rd7 Rc3 51. Kg2 Kf6 52. c7 Ke6 53.
Rxg7 1-0

[Event "Cambridge Int Open 2023"]
[Site "Cambridge ENG"]
[Date "2023.02.18"]
[Round "7.17"]
[White "Bonn, Thomas"]
[Black "Murawski, Jan"]
[Result "1-0"]
[WhiteElo "2189"]
[BlackElo "1708"]
[WhiteFideId "638242"]
[BlackFideId "21009287"]
[EventDate "2023.02.15"]

1. d4 Nf6 2. Nf3 e6 3. c4 d5 4. g3 Be7 5. Bg2 O-O 6. O-O dxc4 7. Ne5 Nc6 8. Nxc6
bxc6 9. Na3 Rb8 10. Nxc4 c5 11. Na5 Qe8 12. Nc6 Rb6 13. Nxe7+ Qxe7 14. dxc5 Rb5
15. Qa4 Qxc5 16. Be3 Qf5 17. b4 Bb7 18. Bxb7 Rxb7 19. Bc5 Ra8 20. f3 Rbb8 21.
Qa6 Nd7 22. Rac1 Nxc5 23. Rxc5 Qf6 24. Qc4 Qb2 25. Rxc7 g6 26. Qf4 Rf8 27. Rd1
Qxa2 28. Rdd7 e5 29. Qxe5 Rae8 30. Re7 Rxe7 31. Qxe7 a5 32. bxa5 Qxa5 33. Kg2
Qa2 34. Qe5 Qa4 35. Re7 Qa2 36. g4 Qb1 37. h4 Qe1 38. Qf6 Qd2 39. Qe5 Qh6 40.
Kg3 Qc1 41. Kg2 Qh6 42. Qg3 Qg7 43. Qf4 Qa1 44. h5 gxh5 45. Re5 h4 46. Qg5+ 1-0

[Event "Cambridge Int Open 2023"]
[Site "Cambridge ENG"]
[Date "2023.02.18"]
[Round "7.18"]
[White "Bradbury, Neil H"]
[Black "Golsta, Ramona"]
[Result "1-0"]
[WhiteTitle "IM"]
[WhiteElo "2200"]
[BlackElo "1777"]
[WhiteFideId "400513"]
[BlackFideId "11607394"]
[EventDate "2023.02.15"]

1. d4 f5 2. Bg5 g6 3. e3 Bg7 4. c3 Nf6 5. Nd2 d6 6. Bc4 d5 7. Bxf6 Bxf6 8. Bb3
c6 9. Ne2 Be6 10. h4 Bf7 11. Qc2 e5 12. dxe5 Bxe5 13. O-O-O Nd7 14. h5 Qe7 15.
c4 Nb6 16. Kb1 a5 17. a3 a4 18. Ba2 Ra5 19. Nc3 dxc4 20. f4 Bf6 21. e4 fxe4 22.
Ndxe4 O-O 23. Nxf6+ Qxf6 24. Ne4 Qxf4 25. Rhf1 Qe5 26. Nf6+ Kg7 27. h6+ Kh8 28.
Ng4 1-0

[Event "Cambridge Int Open 2023"]
[Site "Cambridge ENG"]
[Date "2023.02.18"]
[Round "7.19"]
[White "Hutchinson, Norman A"]
[Black "Walker, Martin G"]
[Result "0-1"]
[BlackTitle "FM"]
[WhiteElo "1974"]
[BlackElo "2133"]
[WhiteFideId "411540"]
[BlackFideId "410969"]
[EventDate "2023.02.15"]

1. e4 Nf6 2. e5 Nd5 3. d4 d6 4. c4 Nb6 5. exd6 cxd6 6. Nc3 g6 7. Be3 Bg7 8. Rc1
O-O 9. b3 Nc6 10. Nf3 Bg4 11. Be2 e5 12. d5 Bxf3 13. Bxf3 Nd4 14. Bxd4 exd4 15.
Ne2 Nd7 16. O-O Qb6 17. Be4 Rfe8 18. Bd3 Nc5 19. Qc2 Re7 20. Rfd1 Rae8 21. Ng3
Qa5 22. Kf1 Bh6 23. Rb1 Nxd3 24. Qxd3 Qc3 25. Qf3 d3 26. Kg1 Qc2 27. Qxd3 Re1+ 0-1

[Event "Cambridge Int Open 2023"]
[Site "Cambridge ENG"]
[Date "2023.02.18"]
[Round "7.20"]
[White "Banerjee, Supratit"]
[Black "Waller, Dan"]
[Result "0-1"]
[WhiteElo "1740"]
[BlackElo "2117"]
[WhiteFideId "2410079"]
[BlackFideId "451053"]
[EventDate "2023.02.15"]

1. e4 c5 2. c3 g6 3. d4 cxd4 4. cxd4 d5 5. e5 Bg7 6. Nf3 Bg4 7. Nc3 Nc6 8. Be2
Nh6 9. h3 Bxf3 10. Bxf3 e6 11. Bxh6 Bxh6 12. Qd3 O-O 13. O-O Qb6 14. Rfd1 Rac8
15. Na4 Qa5 16. Nc3 Qb6 17. Na4 Qa5 18. Nc3 a6 19. a3 b5 20. h4 Rc7 21. Bxd5 Ne7
22. Be4 Rc4 23. g4 Rd8 24. Ne2 Bg7 25. Qf3 Nd5 26. Rac1 Rxc1 27. Rxc1 Qd2 28.
Bxd5 exd5 29. Rc7 Rf8 30. b4 h6 31. Rd7 Kh8 32. Rxd5 f5 33. gxf5 Rxf5 34. Rd8+
Kh7 35. Qg3 Qxe2 36. Rd6 g5 37. Rxa6 Rf4 38. hxg5 Rg4 39. g6+ Kg8 40. Ra8+ Bf8
41. Qxg4 Qxg4+ 42. Kf1 Qxd4 43. e6 Qd1+ 44. Kg2 Qd5+ 45. f3 Qxa8 46. Kg3 Qxa3
47. Kg4 Kg7 48. f4 Kf6 49. e7 Bxe7 50. f5 Qxb4+ 51. Kf3 Kxf5 52. g7 Qg4+ 53. Ke3
Qxg7 54. Kd3 Bc5 55. Kc2 Ke4 56. Kb3 Qf7+ 57. Kb2 Kd3 58. Ka1 Bd4+ 59. Kb1 Qb3+
60. Kc1 Be3# 0-1

[Event "Cambridge Int Open 2023"]
[Site "Cambridge ENG"]
[Date "2023.02.18"]
[Round "7.21"]
[White "Britnell, Jonathan"]
[Black "Nawalaniec, Adam"]
[Result "1-0"]
[WhiteElo "1708"]
[BlackElo "1753"]
[WhiteFideId "445932"]
[BlackFideId "21023786"]
[EventDate "2023.02.15"]

1. e4 c6 2. d4 d5 3. Nd2 dxe4 4. Nxe4 Bf5 5. Ng3 Bg6 6. h4 h6 7. Nf3 Nd7 8. h5
Bh7 9. Bd3 Bxd3 10. Qxd3 Ngf6 11. Bd2 e6 12. O-O-O Qc7 13. Kb1 O-O-O 14. Bc1 Bd6
15. Ne4 Nxe4 16. Qxe4 Nf6 17. Qe2 Rhe8 18. Ne5 c5 19. Nc4 Nd5 20. Nxd6+ Qxd6 21.
Qc4 Re7 22. Qxc5+ Qxc5 23. dxc5 Rc7 24. c4 Nf6 25. Rxd8+ Kxd8 26. b4 Nd7 27. Be3
a5 28. a3 axb4 29. axb4 b6 30. Kc2 bxc5 31. b5 Rb7 32. Ra1 Kc7 33. Bd2 Nb6 34.
Kb3 Nd7 35. Ra6 Nf6 36. Be3 Nxh5 37. Bxc5 Nf6 38. Bd4 Ne4 39. f3 Ng5 40. Bxg7 h5
41. Kb4 h4 42. Bf6 Nh7 43. Bxh4 Nf8 44. c5 e5 45. Be7 Ne6 46. Bd6+ 1-0

[Event "Cambridge Int Open 2023"]
[Site "Cambridge ENG"]
[Date "2023.02.18"]
[Round "7.24"]
[White "Kovalskyi, Roman"]
[Black "Golubovic, Erik"]
[Result "1/2-1/2"]
[WhiteElo "2111"]
[BlackElo "1887"]
[WhiteFideId "14184214"]
[BlackFideId "14586908"]
[EventDate "2023.02.15"]

1. e4 c5 2. Nf3 d6 3. d4 cxd4 4. Nxd4 Nf6 5. Nc3 a6 6. Be3 e5 7. Nb3 Be7 8. f3
Be6 9. Qd2 h5 10. O-O-O Nbd7 11. Kb1 Rc8 12. f4 O-O 13. f5 Bc4 14. Bxc4 Rxc4 15.
Qd3 Qc7 16. h3 b5 17. g4 b4 18. Nd5 Nxd5 19. exd5 Rc8 20. gxh5 e4 21. Qd2 Rxc2
22. Qxb4 Bf6 23. Bd4 Ne5 24. h6 e3 25. Bc3 Rf2 26. Qe4 e2 27. Rc1 Qc4 28. Nd2
Qd3+ 29. Qxd3 Nxd3 30. Ne4 Bxc3 31. Nxf2 Nxf2 32. Rhg1 Nd3 33. bxc3 Nxc1 34.
Kxc1 e1=Q+ 35. Rxe1 Rxc3+ 36. Kb2 Rxh3 37. Re8+ Kh7 38. hxg7 Kxg7 39. Rd8 Kf6
40. Rxd6+ Kxf5 41. Rxa6 Rd3 42. Ra7 f6 43. a4 Rxd5 44. a5 Ke4 45. Kb3 f5 46. Kb4
Rd1 47. Rc7 f4 48. a6 Ra1 49. Rc4+ Ke3 50. Rc3+ Ke2 51. Ra3 Rxa3 52. Kxa3 f3 53.
a7 f2 54. a8=Q f1=Q 55. Qa6+ Kf2 56. Qf6+ Kg1 57. Qg5+ Qg2 58. Qc1+ Kh2 1/2-1/2

[Event "Cambridge Int Open 2023"]
[Site "Cambridge ENG"]
[Date "2023.02.18"]
[Round "7.25"]
[White "Krivenko, Dion"]
[Black "Kemp, Paul R"]
[Result "1-0"]
[WhiteElo "2155"]
[BlackElo "1984"]
[WhiteFideId "4508378"]
[BlackFideId "415251"]
[EventDate "2023.02.15"]

1. e4 c6 2. d4 d5 3. e5 c5 4. dxc5 e6 5. Qg4 Nc6 6. Nf3 h5 7. Qf4 Bxc5 8. Nc3
Nb4 9. Qd2 Nh6 10. a3 Nc6 11. b4 Bb6 12. Bb5 a5 13. Na4 Bd7 14. Qe2 axb4 15. Bg5
Qc7 16. O-O Nf5 17. Nxb6 Qxb6 18. axb4 O-O 19. Bd3 Rxa1 20. Rxa1 Qxb4 21. h3 Qb2
22. Re1 Ra8 23. Bc1 Qc3 24. Bd2 Qb2 25. Bxf5 exf5 26. Ng5 g6 27. Nxf7 Ra1 28. e6
Be8 29. Nd6 Nd4 30. Qf1 Ra8 31. Qd3 Rd8 32. Bc3 Qb6 33. Nxe8 1-0

[Event "Cambridge Int Open 2023"]
[Site "Cambridge ENG"]
[Date "2023.02.18"]
[Round "7.27"]
[White "Adams, Henry"]
[Black "Pousada Garcia, Daniel"]
[Result "1-0"]
[WhiteElo "1738"]
[BlackElo "2077"]
[WhiteFideId "464562"]
[BlackFideId "2278642"]
[EventDate "2023.02.15"]

1. e4 e5 2. Nf3 Nf6 3. d4 Nxe4 4. Bd3 d5 5. Nxe5 Nd7 6. Nc3 Bb4 7. O-O Ndf6 8.
Qe2 O-O 9. Nxe4 dxe4 10. Bc4 Be7 11. c3 Bf5 12. f3 exf3 13. Rxf3 Bg6 14. Rg3 Nd5
15. Nxg6 fxg6 16. Qe6+ Kh8 17. Bxd5 Bh4 18. Rf3 Re8 19. Qf7 Bf6 20. Bxb7 Rb8 21.
Qd5 Re1+ 22. Rf1 Qe7 23. Bf4 Rxa1 24. Rxa1 Qe2 25. Rb1 Rf8 26. Bg3 Qe3+ 27. Kh1
Bg5 28. Qe4 Qd2 29. Ba6 Bf6 30. Bf4 Qf2 31. Be3 1-0

[Event "Cambridge Int Open 2023"]
[Site "Cambridge ENG"]
[Date "2023.02.18"]
[Round "7.28"]
[White "Palucha, Szymon"]
[Black "Norris, Anthony"]
[Result "1-0"]
[WhiteElo "1980"]
[BlackElo "1917"]
[WhiteFideId "430005"]
[BlackFideId "2077779"]
[EventDate "2023.02.15"]

1. e4 c5 2. Nf3 g6 3. d4 cxd4 4. Nxd4 Nc6 5. Nc3 Bg7 6. Be3 Nf6 7. Bc4 O-O 8.
Bb3 Re8 9. f3 e6 10. Qd2 d5 11. exd5 Nxd5 12. Bxd5 exd5 13. O-O-O Qa5 14. Kb1
Be6 15. Rhe1 Ne5 16. Nb3 Qa6 17. Bd4 Nc4 18. Qf2 Bf8 19. Qh4 Be7 20. Qh6 Bf8 21.
Qf4 f5 22. h4 Qd6 23. Qc1 a5 24. a4 Bf7 25. Rh1 f4 26. h5 g5 27. g3 Ne3 28. Rdg1
Nf5 29. gxf4 Nxd4 30. Rxg5+ Kh8 31. Nxd4 Qb4 32. Qd2 Rac8 33. Rd1 Red8 34. Rf5
Bg8 35. Qd3 Bg7 36. h6 Bxh6 37. Rh5 Bf8 38. Rdh1 Qe7 39. Ne6 Rd6 40. Nxf8 Rxf8
41. Ne2 Rf7 42. Nd4 Rdf6 43. Nf5 Qd7 44. Nh6 Rg7 45. Nxg8 Kxg8 46. Rxd5 Qe7 47.
Rd8+ Rf8 48. Rxf8+ Qxf8 49. Qd5+ Kh8 50. Qxa5 Rg2 51. Qe5+ Kg8 52. Qd5+ Kh8 53.
Qxb7 1-0

[Event "Cambridge Int Open 2023"]
[Site "Cambridge ENG"]
[Date "2023.02.18"]
[Round "7.30"]
[White "Rida, Ruqayyah"]
[Black "Hutchinson, Paul A"]
[Result "1-0"]
[WhiteElo "1669"]
[BlackElo "2070"]
[WhiteFideId "343272375"]
[BlackFideId "411558"]
[EventDate "2023.02.15"]

1. e4 c6 2. d4 d5 3. Nc3 dxe4 4. Nxe4 Nf6 5. Nxf6+ exf6 6. c3 Bd6 7. Bd3 O-O 8.
Qc2 Re8+ 9. Ne2 h5 10. Be3 Nd7 11. O-O-O Nf8 12. c4 Be6 13. Kb1 Rc8 14. Nc3 Bb4
15. Qb3 Bxc3 16. Qxc3 b5 17. Rhe1 bxc4 18. Bxc4 Bd5 19. f3 Ne6 20. Rc1 Rb8 21.
Ka1 Rb6 22. Bxd5 cxd5 23. Rc2 Qd6 24. Qd2 Nd8 25. Rec1 Qe7 26. Bf4 Re6 27. Rc7
Qf8 28. Qa5 g5 29. Bd2 Qd6 30. Rc8 Re2 31. Bb4 Qf4 32. Rd1 Nb7 33. Rxe8+ Rxe8
34. Qxd5 Rd8 35. Qxb7 Rxd4 36. Qc8+ Kh7 37. Rxd4 Qxd4 38. Qf5+ Kg7 39. a3 Qg1+
40. Ka2 Qxh2 41. Bc3 Qd6 42. Qxg5+ 1-0

[Event "Cambridge Int Open 2023"]
[Site "Cambridge ENG"]
[Date "2023.02.18"]
[Round "7.31"]
[White "Pert, Max"]
[Black "Gamal, Alaa"]
[Result "1-0"]
[WhiteElo "1793"]
[BlackElo "1725"]
[WhiteFideId "456845"]
[BlackFideId "469114"]
[EventDate "2023.02.15"]

1. d4 d5 2. Nf3 Nf6 3. c4 dxc4 4. Nc3 a6 5. a4 Nc6 6. a5 e6 7. Bg5 Bb4 8. e3 O-O
9. Bxc4 Nxa5 10. Bd3 h6 11. Bh4 b6 12. Ne5 Bb7 13. O-O Be7 14. f4 c5 15. dxc5
Bxc5 16. Qe2 Be7 17. Bxf6 Bxf6 18. Rad1 Qe7 19. Nd7 Rfd8 20. Nxb6 Ra7 21. Bc2
Qc7 22. Rxd8+ Bxd8 23. Nba4 Nc4 24. Qd3 g6 25. Qd4 Ra8 26. Nc5 Na5 27. Nxb7 Nxb7
28. Bd3 Be7 29. Qc4 Qxc4 30. Bxc4 Bc5 31. Kf2 Nd6 32. Bd3 a5 33. Rd1 Rb8 34. Rd2
Bb4 35. Rc2 Rd8 36. Kf3 Nb7 37. Be2 Kg7 38. Ne4 Nd6 39. b3 Nf5 40. g3 Rd7 41.
Rc6 h5 42. h3 Ba3 43. Rc4 Bb4 44. Rc6 Be1 45. Rc4 Rb7 46. Rc1 Rxb3 47. Bd3 Bxg3
48. Nc5 Rxd3 49. Nxd3 Bh4 50. Ra1 Bd8 51. Ne5 Bb6 52. Nc4 Bd8 53. Rb1 Nh4+ 54.
Ke4 Nf5 55. Rb7 Bh4 56. Ra7 Be1 57. Kd3 Bb4 58. e4 Ne7 59. Ne5 Kf6 60. h4 Be1
61. Nf3 Bb4 62. Kc4 Nc6 63. Rc7 Nd8 64. Rd7 Nc6 65. Kb5 Ne7 66. Ng5 e5 67. fxe5+
Kxe5 68. Nxf7+ Kxe4 69. Rd1 Nf5 70. Rc1 Kf3 71. Ne5+ Kg3 72. Rg1+ Kf2 73. Rxg6
Ke3 74. Rg5 Nxh4 75. Rxh5 Be1 76. Nc4+ Kd3 77. Re5 Bc3 78. Re3+ Kd4 79. Re8 Nf5
80. Rf8 Ne7 81. Rd8+ Nd5 82. Nb6 1-0

[Event "Cambridge Int Open 2023"]
[Site "Cambridge ENG"]
[Date "2023.02.18"]
[Round "7.32"]
[White "Dasgupta, Avyukt"]
[Black "Donnelly, Andrew J"]
[Result "1-0"]
[WhiteElo "1888"]
[BlackElo "1522"]
[WhiteFideId "480630"]
[BlackFideId "472344"]
[EventDate "2023.02.15"]

1. d4 d6 2. Bf4 g6 3. e3 Bg7 4. Nf3 Nd7 5. Be2 Ngf6 6. h3 O-O 7. O-O c5 8. c3 a6
9. a4 b6 10. c4 cxd4 11. exd4 Bb7 12. Nc3 Rc8 13. d5 Nc5 14. Bd3 Qc7 15. Bc2
Ncd7 16. b3 Nh5 17. Bd2 e6 18. dxe6 fxe6 19. Ng5 Rce8 20. Nxh7 Qc6 21. Be4 d5
22. cxd5 Qc5 23. Nxf8 Rxf8 24. Rc1 exd5 25. Nxd5 Qd6 26. Bb4 Nc5 27. Bxc5 bxc5
28. Nf6+ Qxf6 29. Bxb7 Qb6 30. Qd5+ Rf7 31. Bc6 Bd4 32. Be8 Qf6 33. Qxf7+ Qxf7
34. Bxf7+ Kxf7 35. Rc4 Ng3 36. Rxd4 Ne2+ 37. Kh2 cxd4 38. Rd1 Ke6 39. Rd2 Kd5
40. Rxe2 d3 41. Rd2 Kd4 42. b4 Kc3 43. Rxd3+ 1-0